Исследование динамических режимов работы автоматической системы регулирования уровня в баке; Современные техника и технологии; Т. 2

Bibliografiske detaljer
Parent link:Современные техника и технологии: сборник трудов XXI международной научной конференции студентов, аспирантов и молодых ученых, Томск, 5-9 октября 2015 г./ Национальный исследовательский Томский политехнический университет (ТПУ).— , 2015
Т. 2.— 2015.— [С. 7-9]
Hovedforfatter: Бердников М. Е.
Institution som forfatter: Национальный исследовательский Томский политехнический университет (ТПУ) Энергетический институт (ЭНИН) Кафедра автоматизации теплоэнергетических процессов (АТП)
Andre forfattere: Анисимов Н. С. (научный руководитель), Латников Д. И., Иванова Е. В. Евгения Владимировна
Summary:Заглавие с титульного экрана
The purpose of this work is investigation modes of dynamic modes of the automatic control system level in the tank. The object of study is a tank of cold water. Installation of automatic level control is a part of the laboratory technical measurements and instruments of the Department of Automation of heat power processes. There are identified control object.
Sprog:russisk
Udgivet: 2015
Serier:Автоматическое управление и системная инженерия
Fag:
Online adgang:http://earchive.tpu.ru/handle/11683/22022
http://www.lib.tpu.ru/fulltext/c/2015/C01/V2/001.pdf
Format: Electronisk Book Chapter
KOHA link:https://koha.lib.tpu.ru/cgi-bin/koha/opac-detail.pl?biblionumber=615204

MARC

LEADER 00000naa2a2200000 4500
001 615204
005 20231101132839.0
035 |a (RuTPU)RU\TPU\conf\13403 
035 |a RU\TPU\conf\13371 
090 |a 615204 
100 |a 20151030d2015 k y0rusy50 ca 
101 0 |a rus  |d eng 
102 |a RU 
105 |a y z 101zy 
135 |a drgn ---uucaa 
181 0 |a i  
182 0 |a b 
200 1 |a Исследование динамических режимов работы автоматической системы регулирования уровня в баке  |d Reaserch dynamic mode of the automatic control system level in tank  |f М. Е. Бердников, Н. С. Анисимов, Д. И. Латников  |g науч. рук. Е. В. Иванова 
203 |a Текст  |c электронный 
225 1 |a Автоматическое управление и системная инженерия 
230 |a 1 компьютерный файл (pdf; 424 Kb) 
300 |a Заглавие с титульного экрана 
320 |a [Библиогр.: с. 9 (10 назв.)] 
330 |a The purpose of this work is investigation modes of dynamic modes of the automatic control system level in the tank. The object of study is a tank of cold water. Installation of automatic level control is a part of the laboratory technical measurements and instruments of the Department of Automation of heat power processes. There are identified control object. 
337 |a Adobe Reader 
461 1 |0 (RuTPU)RU\TPU\conf\13102  |t Современные техника и технологии  |o сборник трудов XXI международной научной конференции студентов, аспирантов и молодых ученых, Томск, 5-9 октября 2015 г.  |o в 2 т.  |f Национальный исследовательский Томский политехнический университет (ТПУ)  |d 2015 
463 0 |0 (RuTPU)RU\TPU\conf\13105  |t Т. 2  |f под ред. А. М. Малышенко [и др.]  |v [С. 7-9]  |d 2015 
510 1 |a Reaserch dynamic mode of the automatic control system level in tank  |z eng 
610 1 |a труды учёных ТПУ 
610 1 |a электронный ресурс 
610 1 |a динамические режимы 
610 1 |a автоматические системы 
610 1 |a регулирование 
610 1 |a уровни 
610 1 |a автоматическое управление 
700 1 |a Бердников  |b М. Е. 
701 1 |a Анисимов  |b Н. С. 
701 1 |a Латников  |b Д. И. 
702 1 |a Иванова  |b Е. В.  |c специалист в области электротехники  |c старший преподаватель Томского политехнического университета  |f 1984-  |g Евгения Владимировна  |2 stltpush  |4 727 
712 0 2 |a Национальный исследовательский Томский политехнический университет (ТПУ)  |b Энергетический институт (ЭНИН)  |b Кафедра автоматизации теплоэнергетических процессов (АТП)  |h 121  |2 stltpush  |3 (RuTPU)RU\TPU\col\18678 
801 2 |a RU  |b 63413507  |c 20210120  |g RCR 
856 4 |u http://earchive.tpu.ru/handle/11683/22022 
856 4 |u http://www.lib.tpu.ru/fulltext/c/2015/C01/V2/001.pdf 
942 |c BK